000 00645nam a2200229 4500
999 _c2772
_d2772
003 OSt
005 20210721060401.0
008 210721b ||||| |||| 00| 0 eng d
020 _a9780078050961
040 _cALUPE UNIVERSITY
050 _aHQ21
_b.H86 2012
100 _aHutchison, Bobby
245 _aHuman sexualities 11/12/
_cBobby Hutchison
250 _a33rd ed.
260 _aNew York :
_bMcGraw-Hill,
_c©2012.
300 _axx, 199 p. :
_bill. ;
_c28 cm.
440 _aAnnual editions.
650 _aSex -- Periodicals.
650 _aSex (Biology)
650 _aSex customs -- Periodicals.
942 _2lcc
_cBK
_nSO